000
00320nam a22001457a 4500
003
SGT
082
_a
612
_b
L09R
100
_a
RANADE,V.G
245
_a
LABORATORY MANUAL & JOURNAL OF PHYSIOLOGY
250
_a
1ST
260
_a
PUNE
_b
PUNE VIDYARTHI GRIHA
_c
2009
300
_a
305
650
_a
PHYSIOLOGY
942
_2
ddc
_c
BK
999
_c
9624
_d
9624